Inorganic chemistry (Record no. 240832)
[ view plain ]
| 000 -LEADER | |
|---|---|
| fixed length control field | 01146nam a22002417a 4500 |
| 003 - CONTROL NUMBER IDENTIFIER | |
| control field | St Aloysius Coll |
| 005 - DATE AND TIME OF LATEST TRANSACTION | |
| control field | 20260128151421.0 |
| 008 - FIXED-LENGTH DATA ELEMENTS--GENERAL INFORMATION | |
| fixed length control field | 260128b |||||||| |||| 00| 0 eng d |
| 020 ## - INTERNATIONAL STANDARD BOOK NUMBER | |
| International Standard Book Number | 9789356064485 |
| 040 ## - CATALOGING SOURCE | |
| Transcribing agency | AL |
| 041 ## - LANGUAGE CODE | |
| Language code of text/sound track or separate title | English |
| 082 ## - DEWEY DECIMAL CLASSIFICATION NUMBER | |
| Classification number | 546 |
| Item number | HUHI |
| 100 ## - MAIN ENTRY--PERSONAL NAME | |
| Personal name | James E Huheey |
| 9 (RLIN) | 252991 |
| 245 ## - TITLE STATEMENT | |
| Title | Inorganic chemistry |
| Remainder of title | : principles of structure and reactivity |
| 250 ## - EDITION STATEMENT | |
| Edition statement | 5th |
| 260 ## - PUBLICATION, DISTRIBUTION, ETC. | |
| Place of publication, distribution, etc. | Noida |
| Name of publisher, distributor, etc. | Pearson |
| Date of publication, distribution, etc. | 2025 |
| 300 ## - PHYSICAL DESCRIPTION | |
| Extent | xxiv,944p. |
| Other physical details | PB |
| Dimensions | 23x17Cm. |
| 365 ## - TRADE PRICE | |
| Source of price type code | General |
| Price type code | 5637 |
| Price amount | ₹888.00 |
| Currency code | ₹ |
| Unit of pricing | ₹1110.00 |
| Price note | 20% |
| Price effective from | 26/01/2026 |
| 520 ## - SUMMARY, ETC. | |
| Summary, etc. | Inorganic Chemistry; the structure of the atom; symmentry and group theory; iconic bonding and the solid state; the covalent bond; the structure of molecules and stereochemical nonrigidity; chemical forces; Acid-base chemistry; chemistry in aqueous and nonaqueous solvents; the chemistry of the main group elements peridicity; the chemistry of the main group elements inorganic chains rings and cages. |
| 650 ## - SUBJECT ADDED ENTRY--TOPICAL TERM | |
| Source of heading or term | Chemistry |
| Topical term or geographic name entry element | Inorganic Chemistry |
| 9 (RLIN) | 252992 |
| 700 ## - ADDED ENTRY--PERSONAL NAME | |
| Personal name | Keiter, Ellen A |
| Dates associated with a name | Keiter, Richard L |
| Relator term | Medhi, Okhil K |
| Fuller form of name | Medhi, Chitrani |
| 9 (RLIN) | 252993 |
| 942 ## - ADDED ENTRY ELEMENTS (KOHA) | |
| Source of classification or shelving scheme | Dewey Decimal Classification |
| Koha item type | Book |
| Withdrawn status | Lost status | Source of classification or shelving scheme | Damaged status | Not for loan | Collection code | Home library | Current library | Date acquired | Source of acquisition | Cost, normal purchase price | Total Checkouts | Full call number | Barcode | Date last seen | Cost, replacement price | Price effective from | Koha item type |
|---|---|---|---|---|---|---|---|---|---|---|---|---|---|---|---|---|---|
| Dewey Decimal Classification | Analytical Chemistry | St Aloysius PG Library | St Aloysius PG Library | 01/28/2026 | Biblios Book Point | 888.00 | 546 HUHI | PG025174 | 01/28/2026 | 1110.00 | Book | ||||||
| Dewey Decimal Classification | Analytical Chemistry | St Aloysius PG Library | St Aloysius PG Library | 01/28/2026 | Biblios Book Point | 888.00 | 546 HUHI | PG025175 | 01/28/2026 | 1110.00 | Book |